Countries Christopher Columbus Visited Quiz Stats

 Plays Quiz Updated Dec 23, 2018

Challenge
Share
Tweet
Embed
Score 0/15 Timer 04:00
3 Plays Today
Year Country % Correct
1492Cuba
92.3%
1492Haiti
87.6%
1502Jamaica
80.1%
1492Bahamas
80%
1493Dominica
79.7%
1492Dominican Republic
78.1%
1502Panama
68.5%
1498Trinidad and Tobago
60.7%
Year Country % Correct
1502Costa Rica
59.4%
1502Honduras
58.9%
1493St. Kitts and Nevis
56.3%
1502Nicaragua
56.1%
1498Venezuela
53.9%
1498Grenada
49.5%
1493Antigua and Barbuda
47.2%

You're not logged in!

Compare scores with friends on all Sporcle quizzes.
OR
Log In

You Might Also Like...

Show Comments

Extras

Top Quizzes Today


Score Distribution

Your Account Isn't Verified!

In order to create a playlist on Sporcle, you need to verify the email address you used during registration. Go to your Sporcle Settings to finish the process.

Report this User

Report this user for behavior that violates our Community Guidelines.

Details: